|
|
|
|
| LEADER |
00000nam0a2200000 4500 |
| 001 |
336695 |
| 005 |
20231102004859.0 |
| 035 |
|
|
|a (RuTPU)RU\TPU\book\363130
|
| 090 |
|
|
|a 336695
|
| 100 |
|
|
|a 20171020d1978 k y0rusy50 ca
|
| 101 |
0 |
|
|a rus
|
| 102 |
|
|
|a RU
|
| 105 |
|
|
|a a z 000zy
|
| 200 |
1 |
|
|a Проектирование и строительство высших учебных заведений
|h Вып. 10
|f Государственный союзный институт по проектированию высших учебных заведений (Гипровуз) ; гл. ред. А. А. Потокин
|
| 210 |
|
|
|a Москва
|c Высшая школа
|d 1978
|
| 215 |
|
|
|a 87 с.
|c ил.
|
| 606 |
1 |
|
|a Высшие учебные заведения
|x Здания
|x Проектирование
|2 stltpush
|3 (RuTPU)RU\TPU\subj\4002
|9 32318
|
| 610 |
1 |
|
|a проекты
|
| 610 |
1 |
|
|a климатические расчеты
|
| 610 |
1 |
|
|a учебные комплексы
|
| 610 |
1 |
|
|a общежития
|
| 610 |
1 |
|
|a вузы
|
| 610 |
1 |
|
|a гигиенические аспекты
|
| 610 |
1 |
|
|a технические средства
|
| 675 |
|
|
|a 727.3
|v 4
|
| 702 |
|
1 |
|a Потокин
|b А. А.
|4 651
|
| 712 |
0 |
2 |
|a Государственный союзный институт по проектированию высших учебных заведений (Гипровуз)
|
| 801 |
|
1 |
|a RU
|b 63413507
|c 20171020
|
| 801 |
|
2 |
|a RU
|b 63413507
|c 20200805
|g RCR
|
| 942 |
|
|
|c BK
|